[Event "Titled Tue 3rd Jun Early"]
[Site "chess.com INT"]
[Date "2025.06.03"]
[Round "1"]
[White "Grodotzki, Kenneth"]
[Black "Ugorek, Kacper"]
[Result "0-1"]
[WhiteTitle "CM"]
[BlackTitle "CM"]
[WhiteElo "1984"]
[BlackElo "2262"]
[WhiteFideId "4648560"]
[BlackFideId "21890676"]
[EventDate "2025.06.03"]

1. f4 Nf6 2. Nf3 g6 3. g3 Bg7 4. Bg2 O-O 5. d3 d6 6. O-O Nbd7 7. e4 e5 8. f5 d5
9. Nc3 dxe4 10. dxe4 c6 11. Qe2 Qc7 12. Kh1 Nc5 13. Nh4 a5 14. Be3 Nfd7 15. Rad1
b6 16. Qf2 Ba6 17. Rfe1 Rae8 18. g4 h6 19. fxg6 fxg6 20. Qd2 Kh7 21. Qd6 Qxd6
22. Rxd6 Rf6 23. Red1 Rxd6 24. Rxd6 Re6 25. Rd2 Bf8 26. Bxc5 Nxc5 27. Rd8 Be7
28. Ra8 Bxh4 0-1

[Event "Titled Tue 3rd Jun Early"]
[Site "chess.com INT"]
[Date "2025.06.03"]
[Round "1"]
[White "Barrientos, Ernesto"]
[Black "Harshavardhan, G B"]
[Result "0-1"]
[WhiteTitle "CM"]
[BlackTitle "IM"]
[WhiteElo "2027"]
[BlackElo "2441"]
[WhiteFideId "3701247"]
[BlackFideId "25059009"]
[EventDate "2025.06.03"]

1. e4 e5 2. Nf3 Nc6 3. Bb5 a6 4. Ba4 d6 5. O-O Bg4 6. c3 Qf6 7. Bxc6+ bxc6 8. h3
h5 9. d3 Ne7 10. Bg5 Qg6 11. Bxe7 Bxe7 12. Nbd2 Bxh3 13. Ne1 h4 14. Kh2 Bg4 15.
Qa4 Bd7 16. Nef3 h3 17. g3 f5 18. exf5 Qxf5 19. Rae1 O-O 20. d4 c5 21. Qc4+ Be6
22. d5 Bd7 23. Re3 Bb5 24. Qe4 Qxe4 25. Rxe4 Bxf1 0-1

[Event "Titled Tue 3rd Jun Early"]
[Site "chess.com INT"]
[Date "2025.06.03"]
[Round "1"]
[White "Bryakin, Mikhail"]
[Black "Brezis, Ari"]
[Result "1-0"]
[WhiteTitle "GM"]
[BlackTitle "CM"]
[WhiteElo "2444"]
[BlackElo "2188"]
[WhiteFideId "4165314"]
[BlackFideId "2858541"]
[EventDate "2025.06.03"]

1. e4 e6 2. Qe2 Nf6 3. e5 Nd5 4. c4 Nb6 5. d4 c5 6. Nf3 Nc6 7. dxc5 Bxc5 8. Nc3
O-O 9. Be3 Bxe3 10. Qxe3 d5 11. O-O-O Qc7 12. Nb5 Qb8 13. c5 Nd7 14. Nd6 b6 15.
Bb5 Bb7 16. Bd3 h6 17. cxb6 Ncxe5 18. Nxb7 Nxd3+ 19. Rxd3 Qxb7 20. bxa7 Rxa7 21.
Rb3 Qc8+ 22. Kb1 Qa8 23. a3 Rc8 24. Rc1 Rxc1+ 25. Qxc1 Qd8 26. Nd4 Rc7 27. Rc3
Rxc3 28. Qxc3 Ne5 29. Nxe6 Qf6 30. Qc8+ Kh7 31. Nf8+ Kg8 32. Nd7+ 1-0

[Event "Titled Tue 3rd Jun Early"]
[Site "chess.com INT"]
[Date "2025.06.03"]
[Round "1"]
[White "Mata Gonzalez, Jose Fernando"]
[Black "Amangeldy, Ernur"]
[Result "0-1"]
[WhiteTitle "CM"]
[BlackTitle "FM"]
[WhiteElo "2164"]
[BlackElo "2231"]
[WhiteFideId "5107423"]
[BlackFideId "13720244"]
[EventDate "2025.06.03"]

1. e4 c5 2. Nf3 d6 3. d4 cxd4 4. Nxd4 Nf6 5. Nc3 Bd7 6. Bc4 e6 7. O-O Nc6 8. Bb3
Be7 9. Bg5 O-O 10. Kh1 Na5 11. f4 Rc8 12. Qd3 a6 13. Rf3 h6 14. Bxf6 Bxf6 15.
Rg3 Kh8 16. f5 exf5 17. Nxf5 Nxb3 18. axb3 Bxf5 19. exf5 Bxc3 20. bxc3 Qf6 21.
Rf1 Rfe8 22. h3 Re5 23. c4 Rce8 24. Rff3 Re1+ 25. Kh2 Qa1 26. Rg4 Rh1+ 27. Kg3
Qe1+ 28. Kf4 Qe5# 0-1

[Event "Titled Tue 3rd Jun Early"]
[Site "chess.com INT"]
[Date "2025.06.03"]
[Round "1"]
[White "Galperin, Platon"]
[Black "Jahnz, Laurin"]
[Result "1-0"]
[WhiteTitle "GM"]
[BlackTitle "CM"]
[WhiteElo "2494"]
[BlackElo "2233"]
[WhiteFideId "14165414"]
[BlackFideId "16261089"]
[EventDate "2025.06.03"]

1. c4 c6 2. d4 e6 3. e4 d5 4. cxd5 exd5 5. e5 Bf5 6. Bd3 Bxd3 7. Qxd3 Ne7 8. Nc3
Ng6 9. Nge2 Be7 10. f4 O-O 11. f5 Nh8 12. O-O f6 13. Nf4 Qb6 14. Be3 Nf7 15. Ne6
Rc8 16. Bf2 Nd7 17. Qg3 Bf8 18. Nxf8 Nxf8 19. e6 Ng5 20. Be3 Ne4 21. Nxe4 dxe4
22. e7 Nd7 23. Bh6 Qxd4+ 24. Kh1 g6 25. Rad1 Qc4 26. b3 Qe2 27. fxg6 Kh8 28.
gxh7 1-0

[Event "Titled Tue 3rd Jun Early"]
[Site "chess.com INT"]
[Date "2025.06.03"]
[Round "1"]
[White "Nakonechnyi, Oleksii"]
[Black "Kodithuwakku, K K Dinujaya"]
[Result "1-0"]
[WhiteTitle "CM"]
[BlackTitle "CM"]
[WhiteElo "2224"]
[BlackElo "2011"]
[WhiteFideId "34173714"]
[BlackFideId "9998845"]
[EventDate "2025.06.03"]

1. e4 g6 2. d4 Bg7 3. Nf3 d6 4. Be2 Nf6 5. Nbd2 O-O 6. O-O Nc6 7. c3 e5 8. d5
Ne7 9. c4 a5 10. b3 Nd7 11. Bb2 f5 12. Ng5 Nc5 13. exf5 gxf5 14. f4 Ng6 15. g3
exf4 16. Bxg7 Kxg7 17. gxf4 Nxf4 18. Kh1 Ng6 19. Rg1 Kh8 20. Bh5 Qf6 21. Nxh7
Kxh7 22. Bxg6+ Qxg6 23. Rxg6 Kxg6 24. Qg1+ Kf6 25. Qd4+ Kf7 26. Rg1 Rg8 27. Rxg8
Kxg8 28. Nf3 Bd7 29. Qf6 Ne4 30. Qg6+ Kf8 31. Qh7 Rd8 32. Nh4 1-0

[Event "Titled Tue 3rd Jun Early"]
[Site "chess.com INT"]
[Date "2025.06.03"]
[Round "1"]
[White "Deboushnik De"]
[Black "Burmakin, Evgeniy"]
[Result "1-0"]
[WhiteTitle "CM"]
[BlackTitle "FM"]
[WhiteElo "2207"]
[BlackElo "2110"]
[WhiteFideId "25768778"]
[BlackFideId "4163729"]
[EventDate "2025.06.03"]

1. e4 c5 2. Nf3 d6 3. Bb5+ Nd7 4. d4 cxd4 5. Nxd4 a6 6. Bd3 Ngf6 7. c4 e6 8. Nc3
Be7 9. O-O O-O 10. f4 Qc7 11. Be3 b6 12. Rc1 Bb7 13. Qf3 Rac8 14. Qh3 Nc5 15.
Bb1 Ncxe4 16. Nxe4 Bxe4 17. Bxe4 Nxe4 18. Nxe6 fxe6 19. Qxe6+ Kh8 20. Qxe4 Bf6
21. b3 Rce8 22. Qd3 Re7 23. Bd4 Bxd4+ 24. Qxd4 1-0

[Event "Titled Tue 3rd Jun Early"]
[Site "chess.com INT"]
[Date "2025.06.03"]
[Round "1"]
[White "Ochedzan, Filip"]
[Black "Rozman, Levy"]
[Result "0-1"]
[WhiteTitle "CM"]
[BlackTitle "IM"]
[WhiteElo "2130"]
[BlackElo "2324"]
[WhiteFideId "21892610"]
[BlackFideId "2039877"]
[EventDate "2025.06.03"]

1. f4 Nh6 2. Nf3 g6 3. g3 Bg7 4. Bg2 O-O 5. O-O d5 6. d3 d4 7. Nbd2 Nf5 8. Nb3
a5 9. a4 Nc6 10. Bd2 Qd6 11. Kh1 b6 12. c3 Bb7 13. Rc1 dxc3 14. bxc3 Rab8 15. e4
Nh6 16. Qe2 Ba6 17. c4 Qa3 18. Qd1 Qxa4 19. Ra1 Bxa1 20. Qc1 Qxb3 0-1

[Event "Titled Tue 3rd Jun Early"]
[Site "chess.com INT"]
[Date "2025.06.03"]
[Round "1"]
[White "Swara Lakshmi S Nair"]
[Black "Jakubowski, Krzysztof"]
[Result "0-1"]
[WhiteTitle "WCM"]
[BlackTitle "GM"]
[WhiteElo "2178"]
[BlackElo "2448"]
[WhiteFideId "25629239"]
[BlackFideId "1112848"]
[EventDate "2025.06.03"]

1. e4 c6 2. d4 d5 3. Nc3 dxe4 4. Nxe4 Nf6 5. Nxf6+ exf6 6. c3 Bd6 7. Bd3 O-O 8.
Qc2 Re8+ 9. Ne2 h5 10. Be3 Nd7 11. O-O-O Nf8 12. Kb1 a5 13. h3 a4 14. g4 a3 15.
gxh5 axb2 16. Rdg1 Be6 17. h6 g5 18. Bxg5 fxg5 19. Rxg5+ Qxg5 20. a4 Qxh6 21.
Rg1+ Kh8 22. Ng3 Bxg3 23. Rxg3 Nd7 24. Bf5 Rg8 25. Bxe6 fxe6 26. Qxb2 Rxg3 27.
fxg3 Qg6+ 28. Ka2 Rxa4+ 0-1

[Event "Titled Tue 3rd Jun Early"]
[Site "chess.com INT"]
[Date "2025.06.03"]
[Round "1"]
[White "Berezin, Viktor RUS"]
[Black "Kopczynski, Michal"]
[Result "0-1"]
[WhiteTitle "FM"]
[BlackTitle "CM"]
[WhiteElo "1921"]
[BlackElo "2225"]
[WhiteFideId "4128869"]
[BlackFideId "1124200"]
[EventDate "2025.06.03"]

1. e4 b6 2. d4 Bb7 3. Bd3 e6 4. Nf3 Nf6 5. Qe2 d5 6. exd5 Nxd5 7. c4 Nf6 8. Be3
Bd6 9. O-O O-O 10. Nc3 Nbd7 11. Rfe1 h6 12. Rad1 a6 13. Bd2 c5 14. Ne4 Be7 15.
Bc2 cxd4 16. Nxd4 Nxe4 17. Bxe4 Bxe4 18. Qxe4 Nf6 19. Qe3 Qc7 20. b3 Rfd8 21.
Bc3 b5 22. cxb5 Nd5 23. Nxe6 Nxe3 24. Nxc7 Nxd1 25. Nxa8 Nxc3 26. Nc7 axb5 27.
g3 Bc5 0-1

[Event "Titled Tue 3rd Jun Early"]
[Site "chess.com INT"]
[Date "2025.06.03"]
[Round "1"]
[White "Kleimenov, Nikolay"]
[Black "Suarez, Pedro"]
[Result "1-0"]
[WhiteTitle "CM"]
[BlackTitle "CM"]
[WhiteElo "2198"]
[BlackElo "2066"]
[WhiteFideId "34414223"]
[BlackFideId "3007642"]
[EventDate "2025.06.03"]

1. e4 d6 2. d4 Nf6 3. Nc3 Nbd7 4. Be3 e5 5. f3 g6 6. Nge2 Bg7 7. Qd2 c6 8. O-O-O
Qc7 9. g4 h5 10. g5 Ng8 11. h4 Ne7 12. Bh3 b6 13. dxe5 Nxe5 14. Bxc8 Rxc8 15. f4
Nc4 16. Qd3 Nxe3 17. Qxe3 O-O 18. Ng3 d5 19. e5 Qd7 20. Qf3 Rfd8 21. Rhe1 Qe6
22. Rd2 Nf5 23. Nxf5 Qxf5 24. Rf2 Re8 25. Ne2 Bf8 26. Ng3 Qg4 27. Qxg4 hxg4 28.
h5 Bc5 29. Rh2 Kg7 30. Reh1 Be3+ 31. Kb1 Bxf4 32. Rg2 Rh8 33. h6+ Kh7 34. Rf1
Bxg5 35. Rxf7+ Kg8 36. Rg7+ Kf8 37. Rf2+ Ke8 38. h7 Bh6 39. Rxa7 Rd8 40. Rff7
Bf8 41. e6 Rd6 42. Rfb7 Rxe6 43. Rb8# 1-0

[Event "Titled Tue 3rd Jun Early"]
[Site "chess.com INT"]
[Date "2025.06.03"]
[Round "1"]
[White "Zienkiewicz, Jan"]
[Black "Novikova, Marharyta"]
[Result "1-0"]
[WhiteTitle "FM"]
[BlackTitle "WCM"]
[WhiteElo "2362"]
[BlackElo "1969"]
[WhiteFideId "45116768"]
[BlackFideId "14109689"]
[EventDate "2025.06.03"]

1. e4 d5 2. exd5 Nf6 3. d4 Nxd5 4. c4 Nb6 5. Nf3 Bg4 6. Be3 e6 7. Nbd2 Bb4 8.
Bd3 N8d7 9. h3 Bxd2+ 10. Bxd2 Bh5 11. Bc3 O-O 12. O-O Nf6 13. b3 a5 14. Qe2 Re8
15. Rad1 Qe7 16. Rfe1 c6 17. g3 a4 18. b4 Bg6 19. Ne5 Bxd3 20. Qxd3 Rad8 21. a3
Nbd7 22. Qc2 Ra8 23. Kh2 Nxe5 24. dxe5 Nd7 25. Rd6 Nb6 26. Qe4 Rad8 27. Red1
Rxd6 28. exd6 Qd7 29. Qd4 e5 30. Qxb6 Qf5 31. d7 Qxf2+ 32. Qxf2 1-0

[Event "Titled Tue 3rd Jun Early"]
[Site "chess.com INT"]
[Date "2025.06.03"]
[Round "1"]
[White "Zhou, Yuxu"]
[Black "Mikhailova, Irina"]
[Result "1-0"]
[WhiteTitle "CM"]
[BlackTitle "WGM"]
[WhiteElo "2087"]
[BlackElo "2143"]
[WhiteFideId "8626421"]
[BlackFideId "4109040"]
[EventDate "2025.06.03"]

1. d4 Nf6 2. c4 g6 3. Nc3 d5 4. Nf3 Bg7 5. Qb3 dxc4 6. Qxc4 O-O 7. e4 Na6 8. Be2
c5 9. d5 e6 10. O-O exd5 11. exd5 Bf5 12. Bg5 h6 13. Bh4 Re8 14. Rad1 g5 15. Bg3
Ne4 16. Bd3 Nxc3 17. bxc3 Bxd3 18. Qxd3 Qd7 19. Rfe1 Rac8 20. c4 b6 21. a3 Nc7
22. Ne5 Bxe5 23. Bxe5 Rcd8 24. Qf3 Rxe5 25. Rxe5 Ne8 26. Rde1 Nd6 27. Re7 Qf5
28. Qxf5 Nxf5 29. Re8+ Rxe8 30. Rxe8+ Kg7 31. Ra8 Nd6 32. Rxa7 Nxc4 33. Rb7 Kf6
34. d6 Ke6 35. d7 Ke7 36. Kf1 Ne5 37. Ke2 Nxd7 38. Kd3 Kd6 39. Kc4 Kc6 40. Ra7
b5+ 41. Kc3 Ne5 42. Ra6+ Kd5 43. Rxh6 Nc6 44. Rf6 Ne5 45. Rf5 Ke4 46. Rxg5 1-0

[Event "Titled Tue 3rd Jun Early"]
[Site "chess.com INT"]
[Date "2025.06.03"]
[Round "1"]
[White "Duarte Cramer, Lily Jeanette"]
[Black "Dogan, Umut Anil"]
[Result "0-1"]
[WhiteTitle "WCM"]
[BlackTitle "CM"]
[WhiteElo "1828"]
[BlackElo "2123"]
[WhiteFideId "29620180"]
[BlackFideId "51618060"]
[EventDate "2025.06.03"]

1. d4 Nc6 2. d5 Ne5 3. e4 e6 4. f4 Ng6 5. c4 Bb4+ 6. Nc3 exd5 7. cxd5 Nf6 8. Qc2
Qe7 9. e5 Nxd5 10. Ne2 d6 11. exd6 Qxd6 12. g3 Bd7 13. Qe4+ Nge7 14. a3 Bxc3+
15. Nxc3 Nxc3 16. bxc3 Bc6 17. Bb5 Bxb5 18. Kf2 Bc6 19. Qe3 Bxh1 20. Bb2 Bd5 21.
c4 Bxc4 22. Bxg7 Rg8 23. Be5 Qb6 24. Bd4 Qb3 25. Qe5 O-O-O 26. Qxe7 Rxd4 27. Re1
Rd2+ 28. Kg1 Qb6+ 29. Re3 Be6 0-1

[Event "Titled Tue 3rd Jun Early"]
[Site "chess.com INT"]
[Date "2025.06.03"]
[Round "1"]
[White "Kornev, Alexei"]
[Black "Turcsanyi, Vince Gergo"]
[Result "1-0"]
[WhiteTitle "GM"]
[BlackTitle "FM"]
[WhiteElo "2500"]
[BlackElo "2321"]
[WhiteFideId "4120949"]
[BlackFideId "791784"]
[EventDate "2025.06.03"]

1. d4 Nf6 2. g3 c5 3. d5 d6 4. Bg2 b5 5. e4 g6 6. e5 Nfd7 7. e6 Nf6 8. exf7+
Kxf7 9. Nf3 h6 10. O-O Bg7 11. Re1 Re8 12. c4 a6 13. Nc3 b4 14. Ne4 Nxe4 15.
Rxe4 Bf5 16. Nh4 Bxe4 17. Bxe4 g5 18. Qh5+ Kf8 19. Qg6 gxh4 20. Bxh6 Bxh6 21.
Qxh6+ Kf7 22. Qh7+ Kf6 23. Qg6+ Ke5 24. Qf5+ Kd4 25. Bd3 e5 26. Qe4# 1-0

[Event "Titled Tue 3rd Jun Early"]
[Site "chess.com INT"]
[Date "2025.06.03"]
[Round "1"]
[White "Troltenier, Dirk"]
[Black "Cordoba Roa, Angel Gabriel"]
[Result "0-1"]
[WhiteTitle "FM"]
[BlackTitle "FM"]
[WhiteElo "2174"]
[BlackElo "2394"]
[WhiteFideId "4606400"]
[BlackFideId "3957624"]
[EventDate "2025.06.03"]

1. e4 e5 2. Nf3 Nc6 3. Bb5 a6 4. Ba4 Nf6 5. O-O Nxe4 6. d4 Be7 7. Qe2 b5 8. Qxe4
d5 9. Qe2 e4 10. Bxb5 axb5 11. Qxb5 Qd7 12. Nfd2 Ba6 13. Qa4 Nb4 14. Qb3 Bxf1
15. Nxf1 O-O 16. a3 Rfb8 17. Nc3 c6 18. Ne3 Nd3 19. Qa2 Nf4 20. Bd2 Bf6 21. Rd1
Bxd4 22. g3 Nh3+ 23. Kg2 Ng5 24. Ne2 Qh3+ 25. Kh1 Bxe3 26. Bxe3 Nf3 0-1

[Event "Titled Tue 3rd Jun Early"]
[Site "chess.com INT"]
[Date "2025.06.03"]
[Round "1"]
[White "Jovic, Stanoje"]
[Black "Sarana, Alexey"]
[Result "0-1"]
[WhiteTitle "FM"]
[BlackTitle "GM"]
[WhiteElo "2096"]
[BlackElo "2686"]
[WhiteFideId "905020"]
[BlackFideId "24133795"]
[EventDate "2025.06.03"]

1. c4 e6 2. g3 d5 3. d4 Nf6 4. Bg2 Bb4+ 5. Bd2 Be7 6. Nf3 c6 7. b3 Nbd7 8. O-O
b6 9. Qc2 Ba6 10. Rd1 Rc8 11. h3 c5 12. dxc5 Bxc5 13. Bc3 Ne4 14. e3 O-O 15.
Nbd2 Nxc3 16. Qxc3 Nf6 17. Qb2 Qe7 18. a3 dxc4 19. Nxc4 Bxc4 20. bxc4 Ne4 21.
Ne5 f5 22. Bxe4 fxe4 23. Nd7 Rf7 24. Nxc5 Qxc5 25. Rac1 Rcf8 26. Rd2 h5 27. h4
g5 28. Qb4 Qf5 29. hxg5 h4 30. Qd6 Qxg5 31. Kg2 Qg4 32. Rh1 Rh7 0-1

[Event "Titled Tue 3rd Jun Early"]
[Site "chess.com INT"]
[Date "2025.06.03"]
[Round "1"]
[White "Petrus, Adrian"]
[Black "Shamatava, Nikolozi"]
[Result "0-1"]
[WhiteTitle "CM"]
[BlackTitle "FM"]
[WhiteElo "2203"]
[BlackElo "2272"]
[WhiteFideId "14573652"]
[BlackFideId "13619950"]
[EventDate "2025.06.03"]

1. e4 e6 2. d4 d5 3. exd5 exd5 4. Nf3 Nf6 5. Bd3 c5 6. dxc5 Bxc5 7. O-O O-O 8.
Nbd2 h6 9. h3 Nc6 10. Nb3 Bb6 11. c3 Be6 12. Bc2 Ne7 13. Bf4 Re8 14. Be5 Nf5 15.
Re1 Rc8 16. Bxf6 Qxf6 17. Bxf5 Qxf5 18. Nbd4 Qf6 19. Qd3 Bd7 20. a3 a6 21. Rad1
Bc7 22. Qd2 b5 23. Rxe8+ Rxe8 24. Re1 Re4 25. Re2 Bf4 26. Qe1 Qe7 27. Rxe4 dxe4
28. Nh2 e3 29. Nf1 exf2+ 30. Qxf2 Bc1 31. Qc2 Qe1 32. Qe2 Qxe2 33. Nxe2 Bxb2 34.
Nd2 Bxa3 35. Nb3 b4 36. c4 Ba4 37. Ned4 Bb2 38. c5 Bxd4+ 39. Nxd4 b3 40. Ne2 b2
41. Nc3 Bc2 42. c6 b1=Q+ 0-1

[Event "Titled Tue 3rd Jun Early"]
[Site "chess.com INT"]
[Date "2025.06.03"]
[Round "1"]
[White "El Zein, Zayne-Eddine"]
[Black "Thake, Conrad"]
[Result "1-0"]
[WhiteTitle "CM"]
[BlackTitle "CM"]
[WhiteElo "2146"]
[BlackElo "1873"]
[WhiteFideId "5313210"]
[BlackFideId "5602947"]
[EventDate "2025.06.03"]

1. e4 c5 2. Nf3 Nc6 3. d3 d6 4. g3 Bg4 5. Bg2 Rb8 6. c3 b5 7. h3 Bd7 8. Be3 e5
9. Nbd2 g6 10. d4 cxd4 11. cxd4 Bg7 12. d5 Nb4 13. O-O Ne7 14. a3 Na6 15. b4 O-O
16. Bxa7 Ra8 17. Be3 f5 18. Bg5 h6 19. Bxe7 Qxe7 20. Nh4 Kh7 21. exf5 gxf5 22.
Re1 f4 23. Qc2+ Kg8 24. Ng6 Qg5 25. Nxf8 Rxf8 26. Ne4 Qg6 27. Rac1 Bf5 28. Qc6
Nb8 29. Qxb5 fxg3 30. Nxg3 Bd7 31. Qe2 Rf4 32. Qh5 Qxh5 33. Nxh5 Rd4 34. Rc7 Rd3
35. Rb7 1-0

[Event "Titled Tue 3rd Jun Early"]
[Site "chess.com INT"]
[Date "2025.06.03"]
[Round "1"]
[White "Bratovic, Blaz"]
[Black "Donchenko, Alexander"]
[Result "0-1"]
[WhiteTitle "IM"]
[BlackTitle "GM"]
[WhiteElo "2319"]
[BlackElo "2615"]
[WhiteFideId "14603551"]
[BlackFideId "24603295"]
[EventDate "2025.06.03"]

1. e4 c6 2. d4 d5 3. e5 c5 4. Nf3 cxd4 5. Nxd4 Nc6 6. Nxc6 bxc6 7. Bd3 e6 8. O-O
Ne7 9. Re1 a5 10. Nd2 Ba6 11. Nf3 Bxd3 12. cxd3 Ng6 13. Bg5 Be7 14. Bxe7 Qxe7
15. Rc1 Ra6 16. Qa4 O-O 17. h4 Qb4 18. b3 Nf4 19. Re3 c5 20. Qxb4 axb4 21. Rxc5
Rxa2 22. g3 Nh3+ 23. Kf1 Nxf2 24. Re2 Nxd3 25. Rxa2 Nxc5 26. Nd4 h5 27. Ke2 Rc8
28. Ra7 Ne4 29. Nb5 Nc3+ 30. Nxc3 Rxc3 0-1

[Event "Titled Tue 3rd Jun Early"]
[Site "chess.com INT"]
[Date "2025.06.03"]
[Round "1"]
[White "Lyutsinger, Iren"]
[Black "Sakun, Volodymyr"]
[Result "1-0"]
[WhiteTitle "FM"]
[BlackTitle "FM"]
[WhiteElo "2266"]
[BlackElo "2301"]
[WhiteFideId "34425969"]
[BlackFideId "14114062"]
[EventDate "2025.06.03"]

1. e4 e5 2. Nf3 Nc6 3. Bb5 a6 4. Ba4 Nf6 5. O-O b5 6. Bb3 Bc5 7. d3 d6 8. Bg5 h6
9. Bh4 Na5 10. c3 Nxb3 11. axb3 g5 12. Bg3 Bb6 13. Nbd2 Nh5 14. d4 Nxg3 15. hxg3
g4 16. Ne1 exd4 17. Nd3 h5 18. c4 Bd7 19. Qe2 O-O 20. f4 Re8 21. Rae1 Bc6 22.
Kh2 Qf6 23. e5 Qh6 24. Ne4 Bxe4 25. Qxe4 h4 26. f5 hxg3+ 27. Kxg3 Qg5 28. Rf4
Kf8 29. Rxg4 Qh6 30. e6 Ke7 31. exf7+ Kxf7 32. Qd5+ Kf6 33. Re6+ Kf7 34. Rxh6+ 1-0

[Event "Titled Tue 3rd Jun Early"]
[Site "chess.com INT"]
[Date "2025.06.03"]
[Round "1"]
[White "Alonso Rosell, Alvar"]
[Black "Onoprijchuk, Boris"]
[Result "1-0"]
[WhiteTitle "GM"]
[BlackTitle "IM"]
[WhiteElo "2550"]
[BlackElo "2385"]
[WhiteFideId "2270544"]
[BlackFideId "4171179"]
[EventDate "2025.06.03"]

1. d4 Nf6 2. c4 e5 3. dxe5 Ng4 4. e3 Nxe5 5. Nh3 Nbc6 6. Nf4 Bb4+ 7. Bd2 Bxd2+
8. Qxd2 O-O 9. Be2 d6 10. O-O Bf5 11. Nc3 Qh4 12. Rac1 Ng4 13. h3 Nge5 14. Nfd5
Rac8 15. f4 Nd7 16. e4 Be6 17. Nb5 Qd8 18. Ndxc7 Rxc7 19. Nxc7 Qxc7 20. f5 Nc5
21. fxe6 Nxe6 22. Qe3 Re8 23. Rcd1 g6 24. Kh1 Nc5 25. Bf3 a5 26. b3 h5 27. Bxh5
gxh5 28. Qg5+ Kf8 29. Qh6+ Ke7 30. Rxf7+ Kxf7 31. Qh7+ 1-0

[Event "Titled Tue 3rd Jun Early"]
[Site "chess.com INT"]
[Date "2025.06.03"]
[Round "1"]
[White "Kurmangaliyeva, Liya"]
[Black "Berikkyzy Alanna"]
[Result "1-0"]
[WhiteTitle "FM"]
[BlackTitle "WFM"]
[WhiteElo "2246"]
[BlackElo "2104"]
[WhiteFideId "13725831"]
[BlackFideId "13780719"]
[EventDate "2025.06.03"]

1. Nf3 c5 2. b3 Nc6 3. Bb2 Nf6 4. g3 e6 5. Bg2 Be7 6. O-O O-O 7. d3 d5 8. Nbd2
Re8 9. e4 Bf8 10. Re1 d4 11. e5 Nd5 12. Ne4 b6 13. a3 Bb7 14. h4 h6 15. Bc1 Qc7
16. Bd2 Rad8 17. g4 g6 18. g5 h5 19. Nf6+ Nxf6 20. gxf6 Nb8 21. Qe2 b5 22. a4 b4
23. Bf4 Bxf3 24. Qxf3 Qc6 25. Qxc6 Nxc6 26. Bxc6 1-0

[Event "Titled Tue 3rd Jun Early"]
[Site "chess.com INT"]
[Date "2025.06.03"]
[Round "1"]
[White "Klukin, Kirill"]
[Black "Sava, Robert-Gabriel"]
[Result "1-0"]
[WhiteTitle "IM"]
[BlackTitle "CM"]
[WhiteElo "2407"]
[BlackElo "2155"]
[WhiteFideId "24199273"]
[BlackFideId "1265725"]
[EventDate "2025.06.03"]

1. d4 Nf6 2. Nf3 e6 3. e3 b6 4. Bd3 Bb7 5. O-O d5 6. b3 Bd6 7. Bb2 Nbd7 8. c4
O-O 9. cxd5 exd5 10. Nc3 a6 11. Rc1 Qe7 12. Qc2 Ne4 13. Ne2 f5 14. Ne5 c5 15.
Nxd7 Qxd7 16. f3 Qe7 17. Nf4 Nf6 18. Qf2 g5 19. Nh3 g4 20. Nf4 Bxf4 21. exf4
gxf3 22. gxf3 Kh8 23. Kh1 c4 24. bxc4 dxc4 25. Bxc4 Bd5 26. Rfe1 Qd7 27. Bxd5
Nxd5 28. Re5 Nxf4 29. d5 Kg8 30. Rg1+ Ng6 31. Qd4 Kf7 32. Re6 Rg8 33. Qf6# 1-0

[Event "Titled Tue 3rd Jun Early"]
[Site "chess.com INT"]
[Date "2025.06.03"]
[Round "1"]
[White "Ter-Sahakyan, Samvel"]
[Black "Sharankov, Grigory"]
[Result "1-0"]
[WhiteTitle "GM"]
[BlackTitle "CM"]
[WhiteElo "2611"]
[BlackElo "2238"]
[WhiteFideId "13302531"]
[BlackFideId "4168356"]
[EventDate "2025.06.03"]

1. d4 Nf6 2. c4 e6 3. Nc3 Bb4 4. f3 c5 5. a3 Bxc3+ 6. bxc3 Nc6 7. e4 e5 8. d5
Na5 9. Bd3 d6 10. Ne2 b6 11. Ng3 Kd7 12. O-O Kc7 13. f4 Nd7 14. Nf5 Rg8 15. Ra2
f6 16. Raf2 exf4 17. Bxf4 Ne5 18. Bxe5 dxe5 19. Ne3 Qd6 20. Bc2 Bd7 21. Ba4 Rad8
22. h3 Kb7 23. Bxd7 Rxd7 24. Qh5 g6 25. Qh4 g5 26. Qh5 Rg6 27. Qe2 Rf7 28. Rf5
Qd7 29. Ng4 Qa4 30. Nxe5 fxe5 31. Rxf7+ Ka6 32. Qg4 Nxc4 33. Qc8+ Kb5 34. Qe8+ 1-0

[Event "Titled Tue 3rd Jun Early"]
[Site "chess.com INT"]
[Date "2025.06.03"]
[Round "1"]
[White "Rubes, Jan"]
[Black "Coe, William"]
[Result "1-0"]
[WhiteTitle "IM"]
[WhiteElo "2426"]
[BlackElo "2078"]
[WhiteFideId "338176"]
[BlackFideId "30913624"]
[EventDate "2025.06.03"]

1. d4 Nf6 2. Nc3 d5 3. Bf4 e6 4. e3 Be7 5. Nb5 Na6 6. Nf3 O-O 7. h4 c6 8. Nc3
Ne4 9. Nxe4 dxe4 10. Nd2 f5 11. h5 Bg5 12. g3 c5 13. Bxa6 bxa6 14. Bxg5 Qxg5 15.
c3 cxd4 16. cxd4 Bb7 17. Nc4 Bd5 18. Ne5 Rfd8 19. Qa4 Rac8 20. h6 g6 21. Qxa6
Rc2 22. Qxa7 Qf6 23. O-O g5 24. Rfc1 Rxc1+ 25. Rxc1 f4 26. Ng4 Qg6 27. Rc7 1-0

[Event "Titled Tue 3rd Jun Early"]
[Site "chess.com INT"]
[Date "2025.06.03"]
[Round "1"]
[White "Dimakiling, Oliver"]
[Black "Sabatier, Mathis"]
[Result "1-0"]
[WhiteTitle "IM"]
[BlackTitle "CM"]
[WhiteElo "2402"]
[BlackElo "2235"]
[WhiteFideId "5202248"]
[BlackFideId "26029685"]
[EventDate "2025.06.03"]

1. e4 e5 2. Nf3 Nc6 3. Bb5 a6 4. Ba4 Nf6 5. d3 b5 6. Bb3 Be7 7. c3 d6 8. h3 O-O
9. a4 b4 10. a5 Rb8 11. Bc4 Na7 12. O-O c5 13. Re1 Nc6 14. Qa4 Bd7 15. Qa2 bxc3
16. bxc3 Qc8 17. Nbd2 Na7 18. d4 exd4 19. cxd4 Nb5 20. Bb2 cxd4 21. Nxd4 Nxd4
22. Bxd4 Bxh3 23. gxh3 Qxh3 24. Re3 Qh6 25. Nf1 Ng4 26. Rg3 Qf4 27. Ne3 Ne5 28.
Nd5 Qh4 29. Bf1 Bg5 30. Bg2 Ng4 31. Qe2 Ne5 32. Rh3 Qf4 33. Nxf4 1-0